| 000 | 00966nam a2200205 4500 | ||
|---|---|---|---|
| 001 | 143046 | ||
| 003 | ES-MaACL | ||
| 005 | 20250827022423.0 | ||
| 007 | t| | ||
| 008 | 070214s1977 sp r ||||1| spa d | ||
| 111 | 2 |
_aSeminario de Estudios para Presidentes de Diputaciones Provinciales ( _d1976. _cLeón) _91035 |
|
| 245 | 1 | 0 |
_aProtección del medio ambiente / _cSeminario de estudios para presidentes de Diputaciones Provinciales ; organizado por el Centro de Relaciones Interprovinciales del I. E. A. L., en colaboracion con la Diputacion Provincial de León. |
| 260 |
_aMadrid : _bInstituto de Estudios de Administración Local, _c1977. |
||
| 300 |
_a197 p. ; _c24 cm. |
||
| 710 | 2 | 0 |
_aInstituto de Estudios de Administración Local (España) _94893 |
| 710 | 2 |
_aCentro de Relaciones Interprovinciales del I. E. A. L. _92725 |
|
| 710 | 0 | 0 |
_aLeón (Provincia). _bDiputación Provincial. _95494 |
| 852 |
_aES-MaACL _jA-7324 _bR.96309 |
||
| 999 |
_c143046 _d143046 |
||